ბათუმის შოთა რუსთაველის სახელმწიფო უნივერსიტეტის ბიბლიოთეკა

ცხრა პოემა (ბიბ.ჩანაწერი № 48899)

000 -LEADER
fixed length control field 01023nam a2200205Ia 4500
001 - CONTROL NUMBER
control field 15802
003 - CONTROL NUMBER IDENTIFIER
control field GE_BSU
008 - FIXED-LENGTH DATA ELEMENTS--GENERAL INFORMATION
fixed length control field 181216s||||||||xx |||||||||||||| ||und||
040 ## - CATALOGING SOURCE
Transcribing agency GE_BSU
100 ## - MAIN ENTRY--PERSONAL NAME
Personal name ჭილაძე, ო. (ოთარ, 1933-2009)
245 ## - TITLE STATEMENT
Title ცხრა პოემა
245 ## - TITLE STATEMENT
Statement of responsibility, etc. რედ.ბ.ხარნაული. მხ. ა.სარჩიმლიძე
260 ## - PUBLICATION, DISTRIBUTION, ETC.
Place of publication, distribution, etc. თბილისი
260 ## - PUBLICATION, DISTRIBUTION, ETC.
Name of publisher, distributor, etc. საბჭ. საქართველო
260 ## - PUBLICATION, DISTRIBUTION, ETC.
Date of publication, distribution, etc. 1969
300 ## - PHYSICAL DESCRIPTION
Extent 163 გვ. ; 16 სმ
653 ## - INDEX TERM--UNCONTROLLED
Uncontrolled term დევებით სავსე ქუდი; თიხის სამი ფირფიტა; იტალიური რვეული; რკინის საწოლი; თაკო და ზაზა; ცირკი; ადამიანი გაზეთის სვეტში; სინათლის წელიწადი; სიყვარულის პოემა
653 ## - INDEX TERM--UNCONTROLLED
Uncontrolled term ცხრა პოემა
942 ## - ADDED ENTRY ELEMENTS (KOHA)
Koha item type წიგნი
ეგზემპლარები
Withdrawn status Lost status Damaged status Not for loan Date acquired Barcode Date last seen Price effective from Koha item type
        2018-12-17 39285 2018-12-17 2018-12-17 წიგნი